000 00583nam a2200241Ia 4500
001 18467
003 GE_BSU
008 181216s||||||||xx |||||||||||||| ||und||
020 _a9780749007430
040 _cGE_BSU
080 _a32
100 _aFriedman, George
245 4 _aThe next 100 years
245 2 _bA forecast for the 21 st century
260 _aLondon
260 _bAllison & Busby
260 _c2009
300 _a350 p. 20cm.
653 _aA forecast for the 21 st century
653 _aThe next 100 years
653 _aპოლიტიკა
942 _cBK
999 _c51481
_d51481